Geographie nach Buchstaben - N - Statistiken

Allgemein
  • Dieses Quiz wurde 364 mal gespielt
  • Das Durchschnittsergebnis liegt bei 16 aus 22
Antwortstatistiken
Hinweis Antwort % Korrekt
Land im Himalaya Nepal
97%
Welches Schloss ist abgebildet? Neuschwanstein
96%
Land informell als Holland bezeichnet Niederlande
96%
Land berühmt für Fjorde Norwegen
96%
Stadt, in der die Pizza erfunden wurde Neapel
94%
Ein Teil dieser Stadt liegt auf Insel Manhattan New York
94%
Berühmte Pariser Kathedrale Notre Dame
93%
Stadt der Jugend Jesu Nazareth
88%
Stadt von einer Atombombe getroffen Nagasaki
83%
Hauptstadt von Kenia Nairobi
82%
Bezeichnung für ein wanderndes Volkwie die Beduinen Nomade
81%
Fluss, der durch Juba und Khartum fließt Nil
77%
Fluss, der durch Stuttgart und Heidelberg fließt Neckar
76%
Im ostfränkischen Dialekt Nämberch genannt Nürnberg
76%
Französische Region am Ärmelkanal Normandie
69%
Japanischer Name für Japan Nihon
55%
Es war ein Land bis 1949, bis es sich Kanada anschloss Neufundland
54%
Stadt auf der anderen Rheinseite von Düsseldorf Neuss
46%
Nachname wird von 39 % der Vietnamesen geteilt Nguyễn
44%
Australiens bevölkerungsreichster Staat New South Wales
43%
Kaliforniens berühmteste Weinregion {Napa} Valley
38%
Das Reservat dieses indianischen Stammes in Arizona ist größer als Estland Navajo
23%
Keine übereinstimmenden Quizze gefunden
Verteilung der Resultate
Anzahl Personen mit jedem Resultat
Perzentil nach korrekt beantworteten Fragen
Ihre Resultats-Entwicklung
Sie haben dieses Quiz noch nicht gespielt